00354nam a2200145Ia 4500008004100000020001500041041001200056082001600068100001700084245003100101260003700132300000800169650001500177700001600192221030s9999 xx 000 0 und d a8171009611 aEnglish a105.23bBha aB. S. Bhatia 0aHuman Resource Development bDeep & Deep PubaNew Delhic2004 a271 aManagement aG. S. Batra